| 000 | 00494nam a2200181Ia 4500 | ||
|---|---|---|---|
| 003 | IN-BaIIA | ||
| 008 | 211028s9999 xx 000 0 eng d | ||
| 020 | _a0-08-021636-6 | ||
| 040 | _cIIA Library | ||
| 080 |
_a629.19(047.1) _bCOS-XVII |
||
| 245 | 0 |
_aCOSPAR space research _bvol. XVII _cedited by M. J. Rycroft |
|
| 260 |
_aOxford _bPergamon Press _c1977 |
||
| 300 | _axix, 860p. | ||
| 650 | _aNASA Thesaurus | ||
| 650 |
_aSpace Sciences _94479 |
||
| 700 | _aRycroft, M. J., ed. | ||
| 942 | _cBK | ||
| 999 |
_c5730 _d5730 |
||